[Event "4NCL/Div1/BET vs. BAR1"]
[Site "Birmingham ENG"]
[Date "2005.11.19"]
[Round "3.6"]
[White "Rogers, Jonathan W"]
[Black "Adelaja, Abimbola"]
[Result "1-0"]
[WhiteElo "2340"]
[BlackElo "2225"]
[PlyCount "61"]
[EventDate "2005.11.19"]
[SourceDate "2005.10.25"]

1. d4 Nf6 2. c4 e6 3. Nf3 Bb4+ 4. Bd2 Qe7 5. Nc3 O-O 6. g3 b6 7. Bg2 Bb7 8. O-O
a5 9. d5 e5 10. Nh4 d6 11. a3 Bxc3 12. Bxc3 a4 13. Nf5 Qd8 14. f4 Nbd7 15. Qd2
Ne8 16. fxe5 dxe5 17. Bb4 f6 18. Bxf8 Kxf8 19. g4 g6 20. Qh6+ Kg8 21. d6 Bxg2
22. Ne7+ Kh8 23. Nxg6+ Kg8 24. Ne7+ Kh8 25. Kxg2 Nxd6 26. Ng6+ Kg8 27. Nh4 Nxc4
28. Rad1 Qe8 29. Nf5 Qf7 30. Rxd7 Qxd7 31. Qxf6 1-0

[Event "4NCL/Div1/BET vs. BAR1"]
[Site "Birmingham ENG"]
[Date "2005.11.19"]
[Round "3.7"]
[White "Ledger, Stephen C"]
[Black "Knott, Simon"]
[Result "1/2-1/2"]
[WhiteElo "2171"]
[BlackElo "2378"]
[PlyCount "85"]
[EventDate "2005.11.19"]
[SourceDate "2005.10.25"]

1. d4 Nf6 2. Nf3 g6 3. Bf4 Bg7 4. e3 O-O 5. Be2 d6 6. h3 Nc6 7. O-O Bf5 8. Bh2
Re8 9. c4 e5 10. Nc3 exd4 11. exd4 Ne4 12. Nd5 h6 13. Bf4 g5 14. Be3 Bg6 15.
Re1 Ne7 16. Nxe7+ Rxe7 17. Bd3 c6 18. Qc2 f5 19. Rad1 Qd7 20. Nd2 Rae8 21. Nxe4
fxe4 22. Be2 Qf5 23. Bg4 Qf6 24. Qe2 Bf7 25. Bh5 d5 26. cxd5 cxd5 27. Bxf7+
Qxf7 28. Rc1 Re6 29. Rc5 Rc6 30. Rec1 Rec8 31. b4 Rxc5 32. Rxc5 Rxc5 33. bxc5
Qd7 34. Qb2 Qc6 35. Qa3 a6 36. Qa5 Bf6 37. g3 Kf7 38. Kg2 Ke8 39. Qd2 Kf7 40.
Qe2 Kg6 41. h4 Qe6 42. hxg5 hxg5 43. Qb2 1/2-1/2

[Event "4NCL/Div1/BET vs. BAR1"]
[Site "Birmingham ENG"]
[Date "2005.11.19"]
[Round "3.8"]
[White "Bhatia, Kanwal K"]
[Black "Lyell, Meri"]
[Result "1/2-1/2"]
[WhiteElo "2091"]
[BlackElo "2053"]
[PlyCount "91"]
[EventDate "2005.11.19"]
[SourceDate "2005.10.25"]

1. e4 d5 2. exd5 Qxd5 3. Nc3 Qd6 4. d4 a6 5. Nf3 Nf6 6. h3 b5 7. Bd3 Bb7 8. O-O
g6 9. Re1 Bg7 10. Ne5 O-O 11. Ne2 c5 12. Bf4 Qd5 13. Nf3 cxd4 14. Nexd4 e6 15.
a4 Nc6 16. Nxc6 Bxc6 17. Re5 Qd7 18. axb5 axb5 19. Rxa8 Rxa8 20. Re1 Qb7 21.
Be5 Bd5 22. Bf1 Rc8 23. Nd4 Bc4 24. Bxc4 bxc4 25. Qe2 Qd5 26. Rd1 Qe4 27. Qxe4
Nxe4 28. Bxg7 Kxg7 29. f3 Nc5 30. Kf2 Rb8 31. Rb1 Na4 32. b3 Nc3 33. Ra1 e5 34.
Nc6 Rb6 35. Nxe5 cxb3 36. cxb3 Rb5 37. f4 Ne4+ 38. Ke3 Nc5 39. Ra7 Rxb3+ 40.
Kd4 Rb7 41. Rxb7 Nxb7 42. Kd5 Nd8 43. Nd7 Ne6 44. g3 h5 45. Ke5 Nd8 46. Kd5
1/2-1/2

[Event "4NCL/Div1/3CS1 vs. SLOS1"]
[Site "Birmingham ENG"]
[Date "2005.11.19"]
[Round "3.1"]
[White "Davies, Nigel R"]
[Black "Navara, David"]
[Result "0-1"]
[WhiteElo "2521"]
[BlackElo "2646"]
[PlyCount "80"]
[EventDate "2005.11.19"]
[SourceDate "2005.10.25"]

1. e4 c5 2. Nf3 d6 3. Nc3 Nf6 4. e5 dxe5 5. Nxe5 Nbd7 6. d4 e6 7. Bb5 a6 8.
Bxd7+ Nxd7 9. Qh5 g6 10. Qf3 f5 11. Be3 Bg7 12. O-O-O cxd4 13. Bxd4 Qg5+ 14.
Be3 Nxe5 15. Bxg5 Nxf3 16. gxf3 h6 17. Rd8+ Kf7 18. Rxh8 Bxh8 19. Bxh6 Bd7 20.
h4 Bc6 21. Rh3 Bd4 22. Be3 Bf6 23. Bg5 e5 24. Ne2 f4 25. Nc3 Bxg5 26. hxg5 Ke6
27. Ne4 Kf5 28. Rh7 Bxe4 29. fxe4+ Kxe4 30. Kd2 Kf3 31. Ke1 e4 32. Rxb7 Rh8 33.
Re7 Rh1+ 34. Kd2 Rh2 35. Ke1 Rxf2 36. Rxe4 Rxc2 37. Rb4 Kg3 38. Kd1 Rc5 39. Rb6
f3 40. Rxg6 Rf5 0-1

[Event "4NCL/Div1/3CS1 vs. SLOS1"]
[Site "Birmingham ENG"]
[Date "2005.11.19"]
[Round "3.2"]
[White "Pert, Nicholas"]
[Black "Gordon, Stephen J"]
[Result "1/2-1/2"]
[WhiteElo "2500"]
[BlackElo "2411"]
[PlyCount "48"]
[EventDate "2005.11.19"]
[SourceDate "2005.10.25"]

1. d4 d5 2. c4 c6 3. Nf3 Nf6 4. Nc3 a6 5. cxd5 cxd5 6. Bf4 Nc6 7. Rc1 e6 8. e3
Be7 9. h3 O-O 10. Bd3 b5 11. O-O Qb6 12. Ne5 Nxe5 13. Bxe5 Bd7 14. Ne2 Rfc8 15.
Qd2 h6 16. Rxc8+ Rxc8 17. Rc1 Rxc1+ 18. Nxc1 Ne4 19. Bxe4 dxe4 20. Nb3 f6 21.
Bg3 Bc6 22. Qc2 Bd5 23. Qc8+ Kf7 24. Qd7 Qb7 1/2-1/2

[Event "4NCL/Div1/3CS1 vs. SLOS1"]
[Site "Birmingham ENG"]
[Date "2005.11.19"]
[Round "3.3"]
[White "Haslinger, Stewart"]
[Black "Erdos, Viktor"]
[Result "1-0"]
[WhiteElo "2426"]
[BlackElo "2522"]
[PlyCount "141"]
[EventDate "2005.11.19"]
[SourceDate "2005.10.25"]

1. e4 e6 2. d4 d5 3. Nd2 c5 4. exd5 Qxd5 5. Ngf3 cxd4 6. Bc4 Qd6 7. O-O Nf6 8.
Nb3 Nc6 9. Nbxd4 Nxd4 10. Nxd4 a6 11. Bb3 Bd7 12. c3 O-O-O 13. Bg5 Qc5 14. Bxf6
gxf6 15. Qe2 Rg8 16. Rad1 Bd6 17. Qc4 Qc7 18. Qxc7+ Kxc7 19. Rfe1 Bc5 20. Bc2
f5 21. g3 h5 22. Nf3 Bd6 23. a4 Bc6 24. Nd4 Bd7 25. Nf3 b6 26. Ne5 Bxe5 27.
Rxe5 Bc6 28. h4 Bf3 29. Rd3 Bc6 30. Kf1 a5 {(=)} 31. Rxd8 Rxd8 32. Ke1 Rg8 33.
Bd1 Rh8 34. b4 Kd6 35. Re3 Ke7 36. Re5 Kd6 37. Re2 Ke7 38. bxa5 bxa5 39. Rb2
Kd6 40. Rb6 Kc7 41. Ra6 f6 42. Ra7+ Kd6 43. Rxa5 e5 44. Kd2 Rb8 45. Kc1 f4 46.
gxf4 Rg8 47. fxe5+ fxe5 48. Ra6 Kc5 49. Ra5+ Kd6 50. Bxh5 Rh8 51. Be2 Rxh4 52.
Bb5 Bd5 53. Ra6+ Ke7 54. Ra7+ Kd6 55. Kd2 Rf4 56. Ke2 Re4+ 57. Kd2 Rf4 58. Ke1
Re4+ 59. Kf1 Rh4 60. Rg7 Bb3 61. Rg6+ Kd5 62. Bc6+ Kc4 63. a5 Kxc3 64. Rg3+ Kb4
65. Rxb3+ Kxb3 66. a6 Rh7 67. Bb7 Kc4 68. a7 Rxb7 69. a8=Q Rb1+ 70. Ke2 Kd4 71.
Qa4+ 1-0

[Event "4NCL/Div1/3CS1 vs. SLOS1"]
[Site "Birmingham ENG"]
[Date "2005.11.19"]
[Round "3.4"]
[White "Schenk, Andreas"]
[Black "Ashton, Adam G"]
[Result "1/2-1/2"]
[WhiteElo "2497"]
[BlackElo "2331"]
[PlyCount "65"]
[EventDate "2005.11.19"]
[SourceDate "2005.10.25"]

1. d4 d5 2. Nf3 Nf6 3. c4 e6 4. Nc3 c6 5. e3 Nbd7 6. Bd3 dxc4 7. Bxc4 b5 8. Bd3
Bd6 9. O-O O-O 10. b3 a6 11. a4 Bb7 12. Bb2 b4 13. Ne4 Nxe4 14. Bxe4 Nf6 15.
Bd3 c5 16. dxc5 Bxc5 17. Qe2 Qd5 18. Rfd1 Qh5 19. Rac1 Bb6 20. Bc4 a5 21. Bb5
Rac8 22. Ne5 Qxe2 23. Bxe2 Rxc1 24. Rxc1 Rd8 25. Nc4 Bc7 26. Bd4 Bd5 27. Kf1
Ne8 28. h3 f6 29. f3 e5 30. Bb2 Kf7 31. Rc2 Ke7 32. Ke1 Rd7 33. Rd2 1/2-1/2

[Event "4NCL/Div1/3CS1 vs. SLOS1"]
[Site "Birmingham ENG"]
[Date "2005.11.19"]
[Round "3.5"]
[White "Walton, Alan J"]
[Black "Jones, Gawain C B"]
[Result "0-1"]
[WhiteElo "2197"]
[BlackElo "2444"]
[PlyCount "52"]
[EventDate "2005.11.19"]
[SourceDate "2005.10.25"]

1. d4 Nf6 2. Bg5 e6 3. e4 h6 4. Bxf6 Qxf6 5. Nc3 Bb4 6. Qd2 d6 7. Bc4 a6 8. a4
Qg6 9. f3 Nd7 10. Kf1 e5 11. Nge2 exd4 12. Nxd4 Ne5 13. Be2 O-O 14. f4 Nc6 15.
f5 Qf6 16. Nf3 Bxc3 17. Qxc3 Qxc3 18. bxc3 Re8 19. Bd3 b6 20. Kf2 Bb7 21. g4
Ne5 22. h3 Nxf3 23. Kxf3 Re5 24. a5 b5 25. Rab1 Rae8 26. Rhe1 d5 0-1

[Event "4NCL/Div1/3CS1 vs. SLOS1"]
[Site "Birmingham ENG"]
[Date "2005.11.19"]
[Round "3.6"]
[White "Martyn, Rafe"]
[Black "Longson, Alexander"]
[Result "1-0"]
[WhiteElo "2323"]
[BlackElo "2264"]
[PlyCount "77"]
[EventDate "2005.11.19"]
[SourceDate "2005.10.25"]

1. d4 d5 2. c4 Nc6 3. Nc3 Nf6 4. Nf3 dxc4 5. e3 a6 6. Bxc4 b5 7. Be2 e6 8. e4
b4 9. Na4 Bb7 10. e5 Nd7 11. O-O Ne7 12. Qb3 Nd5 13. Bg5 Qb8 14. Rac1 c5 15.
dxc5 Nxe5 16. Rfe1 Nc6 17. Bc4 Na5 18. Qd3 Nxc4 19. Qxc4 Be7 20. Bxe7 Nxe7 21.
Ne5 Bd5 22. Qg4 O-O 23. Nb6 a5 24. Nxa8 Qxa8 25. Nd7 Rd8 26. Nf6+ Kh8 27. Qh4
h6 28. Nxd5 Nxd5 29. c6 Rc8 30. c7 Qb7 31. Red1 Kh7 32. Qe4+ Kg8 33. Qe5 Qb6
34. Qd4 Qb7 35. Qe5 Qb6 36. Rc4 f6 37. Qd4 Qb7 38. Qe4 Kf7 39. Rdc1 1-0

[Event "4NCL/Div1/3CS1 vs. SLOS1"]
[Site "Birmingham ENG"]
[Date "2005.11.19"]
[Round "3.7"]
[White "James, Dale R"]
[Black "Rees, Ioan"]
[Result "0-1"]
[WhiteElo "2199"]
[BlackElo "2237"]
[PlyCount "56"]
[EventDate "2005.11.19"]
[SourceDate "2005.10.25"]

1. e4 c5 2. Nf3 Nc6 3. Bb5 e6 4. O-O Nge7 5. c3 a6 6. Ba4 b5 7. Bc2 Bb7 8. d4
cxd4 9. Nxd4 d5 10. Bg5 h6 11. Bh4 Nxd4 12. cxd4 dxe4 13. Nc3 Qb6 14. d5 exd5
15. Re1 g5 16. Bg3 Bg7 17. Qg4 f5 18. Qh5+ Qg6 19. Qxg6+ Nxg6 20. Bd6 Rd8 21.
Bb4 d4 22. Nd1 Kf7 23. a4 Ne5 24. axb5 axb5 25. Ra7 Rd7 26. Bb3+ Kf6 27. Ra5
Bc6 28. Kf1 Nd3 0-1

[Event "4NCL/Div1/3CS1 vs. SLOS1"]
[Site "Birmingham ENG"]
[Date "2005.11.19"]
[Round "3.8"]
[White "Rudolf, Anna"]
[Black "Martin, Katie"]
[Result "1-0"]
[WhiteElo "2219"]
[BlackElo "1956"]
[PlyCount "31"]
[EventDate "2005.11.19"]
[SourceDate "2005.10.25"]

1. e4 e5 2. Nf3 Nc6 3. d4 exd4 4. Nxd4 Nf6 5. Nxc6 bxc6 6. e5 Nd5 7. c4 Nb6 8.
Bd3 d5 9. cxd5 cxd5 10. O-O Bc5 11. Nd2 Nd7 12. Nf3 h6 13. Bf4 O-O 14. Rb1 c6
15. Qc2 f5 16. e6 1-0

[Event "4NCL/Div1/WGR1 vs. AD"]
[Site "Birmingham ENG"]
[Date "2005.11.19"]
[Round "3.2"]
[White "Anderton, David"]
[Black "Gormally, Daniel W"]
[Result "0-1"]
[WhiteElo "2267"]
[BlackElo "2566"]
[PlyCount "84"]
[EventDate "2005.11.19"]
[SourceDate "2005.10.25"]

1. d4 Nf6 2. c4 e6 3. Nc3 Bb4 4. Qc2 c5 5. dxc5 Na6 6. a3 Qa5 7. Bd2 Nxc5 8.
Rc1 Bxc3 9. Bxc3 Qa4 10. b4 Qxc2 11. Rxc2 Na4 12. Be5 a5 13. f3 Ke7 14. c5 axb4
15. axb4 Nd5 16. Bxg7 Rg8 17. Be5 b6 18. Bd6+ Ke8 19. cxb6 Naxb6 20. Kf2 Ra1
21. Nh3 Ba6 22. Nf4 Nxf4 23. Bxf4 f5 24. g3 Rb1 25. Bd2 Nc4 26. Bc3 Ke7 27. Bg2
Rxh1 28. Bxh1 Rc8 29. Ra2 Bb5 30. f4 Ne3 31. Bd2 Ng4+ 32. Ke1 Nxh2 33. Ra8 Rxa8
34. Bxa8 Bc6 35. Bxc6 dxc6 36. Kf2 Kd6 37. Kg2 Ng4 38. Kf3 Kd5 39. e4+ Kc4 40.
exf5 exf5 41. Ke2 Nf6 42. Kf3 h5 0-1

[Event "4NCL/Div1/WGR1 vs. AD"]
[Site "Birmingham ENG"]
[Date "2005.11.19"]
[Round "3.3"]
[White "Baburin, Alexander"]
[Black "Wheeler, Darren P"]
[Result "1-0"]
[WhiteElo "2511"]
[BlackElo "2239"]
[PlyCount "93"]
[EventDate "2005.11.19"]
[SourceDate "2005.10.25"]

1. d4 e6 2. c4 Nf6 3. Nc3 Bb4 4. Qc2 c5 5. dxc5 Na6 6. a3 Qa5 7. Bd2 Nxc5 8.
Rd1 Bxc3 9. Bxc3 Qa4 10. Qxa4 Nxa4 11. Be5 b6 12. f3 Ba6 13. e4 Rc8 14. Nh3 h6
15. Nf4 Ke7 16. b3 Nc5 17. b4 Na4 18. b5 Bb7 19. Bd6+ Kd8 20. Nd3 g6 21. Ne5
Rh7 22. h4 a6 23. bxa6 Bxa6 24. g4 Ne8 25. Bb4 f6 26. Nxg6 Kc7 27. Rh2 Nc5 28.
e5 fxe5 29. Nxe5 d6 30. Ng6 Nf6 31. Rhd2 Rd8 32. Bxc5 bxc5 33. Nf4 Bc8 34. Be2
Rf7 35. Nd3 Rdd7 36. Nf2 e5 37. g5 hxg5 38. hxg5 Nh5 39. Ne4 Nf4 40. Rxd6 Nxe2
41. Kxe2 Rxd6 42. Nxd6 Rf4 43. Nxc8 Kxc8 44. g6 e4 45. g7 exf3+ 46. Kf2 Rg4 47.
Rg1 1-0

[Event "4NCL/Div1/WGR1 vs. AD"]
[Site "Birmingham ENG"]
[Date "2005.11.19"]
[Round "3.4"]
[White "Snape, Ian"]
[Black "Ward, Christopher"]
[Result "0-1"]
[WhiteElo "2258"]
[BlackElo "2475"]
[PlyCount "128"]
[EventDate "2005.11.19"]
[SourceDate "2005.10.25"]

1. c4 b6 2. d4 e6 3. a3 c5 4. d5 exd5 5. cxd5 g6 6. Nc3 Bg7 7. g3 Nf6 8. Bg2 d6
9. Nf3 O-O 10. O-O Re8 11. Re1 Ne4 12. Nxe4 Rxe4 13. Nd2 Re8 14. Qc2 f5 15. Nf3
h6 16. Bd2 Nd7 17. Nh4 Nf8 18. f4 Bf6 19. e4 fxe4 20. Rxe4 Rxe4 21. Bxe4 Bxh4
22. gxh4 Qxh4 23. Kh1 Bg4 24. Rg1 Re8 25. Rg3 Kf7 26. Bc3 {(=)} Qe7 27. Bd3 c4
28. Bxc4 Qe4+ 29. Qxe4 Rxe4 30. Bd3 Rxf4 31. Bd2 Rf3 32. Bxh6 Rxg3 33. hxg3
Bf3+ 34. Kg1 Nd7 35. Bc4 Ne5 36. Ba2 Be4 37. Bf4 Kf6 38. Bh6 Kf5 39. Bf4 Kf6
40. Bh6 Nd3 41. b4 b5 42. Bd2 Kf5 43. Bb3 Kg4 44. Kh2 Ne5 45. Bd1+ Kf5 46. g4+
Kf6 47. g5+ Kf5 48. Kg3 Bxd5 49. a4 a6 50. axb5 axb5 51. Bf4 Bf7 52. Be2 Bc4
53. Bf3 d5 54. Bd1 Bd3 55. Bf3 d4 56. Bb7 Bc4 57. Bc8+ Ke4 58. Bh3 d3 59. Bg2+
Kd4 60. Bd2 Bd5 61. Bf1 Nc4 62. Be1 Ke3 63. Bh3 d2 64. Bf2+ Kd3 0-1

[Event "4NCL/Div1/WGR1 vs. AD"]
[Site "Birmingham ENG"]
[Date "2005.11.19"]
[Round "3.5"]
[White "Turner, Matthew J"]
[Black "Cafferty, Bernard"]
[Result "0-1"]
[WhiteElo "2495"]
[BlackElo "2207"]
[PlyCount "86"]
[EventDate "2005.11.19"]
[SourceDate "2005.10.25"]

1. c4 Nf6 2. g3 c6 3. Nf3 d5 4. Qc2 Bg4 5. Ne5 Bh5 6. Bg2 e6 7. d4 Nbd7 8. Bf4
Be7 9. O-O O-O 10. Nc3 Nxe5 11. Bxe5 Nd7 12. Bf4 Re8 13. cxd5 exd5 14. e4 dxe4
15. d5 f5 16. d6 Bf8 17. Qb3+ Bf7 18. Qxb7 Nc5 19. Qxc6 Rc8 20. Qb5 a6 21. Qe2
Nd3 22. Rad1 Bxd6 23. Bxd6 Qxd6 24. Bh3 Qg6 25. Rxd3 Bc4 26. Rd5 Bxe2 27. Nxe2
Qf7 28. Rxf5 Qxa2 29. Rf4 Rc2 30. Nc3 Qxb2 31. Nxe4 Rc1 32. Nd6 Ree1 33. Nc4
Qb1 34. Ne3 Rxf1+ 35. Bxf1 g6 36. h4 a5 37. Kg2 Qb7+ 38. Kh2 Rc5 39. Rd4 Kg7
40. Bh3 Rc7 41. Be6 Re7 42. Bd5 Qb2 43. Rd3 Rxe3 0-1

[Event "4NCL/Div1/WGR1 vs. AD"]
[Site "Birmingham ENG"]
[Date "2005.11.19"]
[Round "3.6"]
[White "Broom, Mark"]
[Black "Emms, John M"]
[Result "1-0"]
[WhiteElo "2189"]
[BlackElo "2502"]
[PlyCount "79"]
[EventDate "2005.11.19"]
[SourceDate "2005.10.25"]

1. c4 c5 2. g3 g6 3. Bg2 Bg7 4. Nc3 Nc6 5. e4 Nf6 6. Nge2 O-O 7. d3 d6 8. O-O
Bg4 9. f3 Bd7 10. Be3 a6 11. a4 Ne8 12. d4 cxd4 13. Nxd4 Rb8 14. f4 Nc7 15. f5
Ne5 16. Qe2 e6 17. Rad1 Qe7 18. h4 Ne8 19. Bh3 Nf6 20. g4 exf5 21. Bg5 h6 22.
exf5 hxg5 23. hxg5 Rbe8 24. gxf6 Qxf6 25. Qg2 Nxc4 26. g5 Qxd4+ 27. Rxd4 Bxd4+
28. Kh2 Bc6 29. Qg4 Be5+ 30. Kg1 gxf5 31. Qxc4 Kg7 32. Rxf5 Re7 33. g6 fxg6 34.
Rxf8 Kxf8 35. Bg2 Rc7 36. Qh4 Ke8 37. Bxc6+ bxc6 38. Qc4 a5 39. Nb5 Rc8 40.
Qe6+ 1-0

[Event "4NCL/Div1/WGR1 vs. AD"]
[Site "Birmingham ENG"]
[Date "2005.11.19"]
[Round "3.7"]
[White "Martin, Andrew D"]
[Black "Graham, David B"]
[Result "1-0"]
[WhiteElo "2433"]
[BlackElo "2224"]
[PlyCount "81"]
[EventDate "2005.11.19"]
[SourceDate "2005.10.25"]

1. d4 Nf6 2. Bg5 g6 3. Bxf6 exf6 4. e3 Bg7 5. Ne2 b6 6. Nf4 Bb7 7. h4 h5 8. Be2
Nc6 9. c4 Ne7 10. Bf3 Qc8 11. Nc3 Bh6 12. Bxb7 Qxb7 13. Nfd5 Nxd5 14. Nxd5 f5
15. Qf3 c6 16. Nc3 O-O 17. O-O Qc7 18. Rad1 f4 19. e4 Qd8 20. Qh3 f5 21. Rfe1
g5 22. hxg5 Qxg5 23. e5 Rae8 24. Rd3 Qg4 25. Qh2 Re7 26. Rh3 Bg7 27. Rh4 Qg6
28. Qxf4 Bh6 29. Qf3 Bd2 30. Rd1 Bxc3 31. Qxc3 f4 32. Qf3 Rf5 33. Rxf4 Rxf4 34.
Qxf4 Rg7 35. Qf3 h4 36. Re1 Qg5 37. d5 Rf7 38. Qe3 Qg4 39. e6 Rg7 40. Qe4 dxe6
41. dxe6 1-0

[Event "4NCL/Div1/WGR1 vs. AD"]
[Site "Birmingham ENG"]
[Date "2005.11.19"]
[Round "3.8"]
[White "Bellin, Jana"]
[Black "Sedina, Elena"]
[Result "1/2-1/2"]
[WhiteElo "2170"]
[BlackElo "2390"]
[PlyCount "80"]
[EventDate "2005.11.19"]
[SourceDate "2005.10.25"]

1. d4 Nf6 2. Nf3 d5 3. Bg5 Ne4 4. Bf4 c5 5. e3 Nc6 6. c3 g6 7. Nbd2 Bg7 8. Nxe4
dxe4 9. Ng5 cxd4 10. exd4 Qd5 11. Qb3 Qf5 12. g3 O-O 13. Bg2 h6 14. Nxe4 Be6
15. Qd1 Bd5 16. Qf3 Rad8 17. O-O g5 18. Bc1 Qxf3 19. Bxf3 e5 20. Nd2 exd4 21.
Bxd5 Rxd5 22. cxd4 Nxd4 23. Ne4 Ne2+ 24. Kg2 f5 25. Nc3 Nxc3 26. bxc3 Bxc3 27.
Rb1 b5 28. h4 Bf6 29. hxg5 hxg5 30. Rh1 Kf7 31. Be3 a6 32. Rbe1 Rfd8 33. Rh7+
Kg6 34. Rc7 R5d7 35. Rc6 Rd6 36. Rec1 Kf7 37. Rc7+ Kg6 38. Ra7 b4 39. Rb7 Bc3
40. Bc5 R6d7 {Remaining moves ineligible - 1/2-/12, 44.} 1/2-1/2

[Event "4NCL/Div1/GUI1 vs. WGR2"]
[Site "Birmingham ENG"]
[Date "2005.11.19"]
[Round "3.1"]
[White "Gallagher, Joseph G"]
[Black "Pert, Richard G"]
[Result "1/2-1/2"]
[WhiteElo "2550"]
[BlackElo "2429"]
[PlyCount "84"]
[EventDate "2005.11.19"]
[SourceDate "2005.10.25"]

1. e4 c5 2. Nf3 Nc6 3. d4 cxd4 4. Nxd4 g6 5. c4 Bg7 6. Be3 Nf6 7. Nc3 O-O 8.
Be2 d6 9. O-O Nxd4 10. Bxd4 Bd7 11. Qd3 Re8 12. Rfe1 Bc6 13. b4 b6 14. a3 e6
15. Bf1 Qd7 16. Rad1 Rad8 17. Qc2 Qc8 18. f3 Qb8 19. e5 Nh5 20. exd6 e5 21. Bf2
Rxd6 22. Rxd6 Qxd6 23. c5 bxc5 24. Bxc5 Qc7 25. Qf2 Nf4 26. Bxa7 Ra8 27. Bb6
Qe7 28. b5 Bb7 29. Bc5 Qg5 30. Kh1 Ne6 31. Be3 Qe7 32. Bc1 h5 33. Bb2 h4 34. h3
Bh6 35. Rxe5 Rd8 36. Bc4 Qc7 37. Rxe6 fxe6 38. Bxe6+ Kh7 39. Qxh4 Rd2 40. Bc1
Qxc3 41. Bxd2 Qxd2 42. Qe7+ Bg7 1/2-1/2

[Event "4NCL/Div1/GUI1 vs. WGR2"]
[Site "Birmingham ENG"]
[Date "2005.11.19"]
[Round "3.2"]
[White "Lalic, Bogdan"]
[Black "Rowson, Jonathan"]
[Result "1/2-1/2"]
[WhiteElo "2490"]
[BlackElo "2599"]
[PlyCount "25"]
[EventDate "2005.11.19"]
[SourceDate "2005.10.25"]

1. d4 Nf6 2. c4 e6 3. g3 Bb4+ 4. Bd2 Be7 5. Bg2 d5 6. Nf3 O-O 7. O-O c6 8. Qc2
b6 9. Bf4 Ba6 10. Nbd2 Nbd7 11. Rfd1 Nh5 12. Be3 Bd6 13. Rac1 1/2-1/2

[Event "4NCL/Div1/GUI1 vs. WGR2"]
[Site "Birmingham ENG"]
[Date "2005.11.19"]
[Round "3.3"]
[White "King, Daniel J"]
[Black "Levitt, Jonathan P"]
[Result "1-0"]
[WhiteElo "2526"]
[BlackElo "2448"]
[PlyCount "83"]
[EventDate "2005.11.19"]
[SourceDate "2005.10.25"]

1. e4 e6 2. d4 d5 3. e5 c5 4. c3 Nc6 5. Nf3 Bd7 6. Be2 f6 7. O-O fxe5 8. Nxe5
Nxe5 9. dxe5 Bc6 10. c4 Ne7 11. Bg5 dxc4 12. Nd2 b5 13. a4 a6 14. Bh5+ g6 15.
Bf3 Qc8 16. Ne4 Nd5 17. Nf6+ Nxf6 18. Bxf6 Rg8 19. axb5 axb5 20. Qd8+ Qxd8 21.
Bxc6+ Kf7 22. Rxa8 Qxa8 23. Bxa8 Bg7 24. Bxg7 Rxa8 25. Bh6 Ra4 26. Rc1 Rb4 27.
Rc2 Rb3 28. Kf1 Rd3 29. Be3 Rd5 30. Rd2 Rxe5 31. Rd7+ Ke8 32. Rc7 Rd5 33. Rxc5
Kd7 34. Ke2 Kd6 35. Rxd5+ exd5 36. Bd4 h5 37. b4 cxb3 38. Kd2 Ke6 39. Kc3 Kf5
40. f3 Kf4 41. Kxb3 h4 42. Kb4 1-0

[Event "4NCL/Div1/GUI1 vs. WGR2"]
[Site "Birmingham ENG"]
[Date "2005.11.19"]
[Round "3.4"]
[White "Sowray, Peter J"]
[Black "Hebden, Mark L"]
[Result "1/2-1/2"]
[WhiteElo "2352"]
[BlackElo "2514"]
[PlyCount "68"]
[EventDate "2005.11.19"]
[SourceDate "2005.10.25"]

1. e4 e5 2. Nf3 Nc6 3. Bb5 a6 4. Ba4 Nf6 5. O-O Be7 6. Re1 b5 7. Bb3 O-O 8. h3
Bb7 9. d3 d6 10. a3 Qd7 11. Nbd2 Rae8 12. Nf1 Bd8 13. Be3 Ne7 14. Ng3 Ng6 15.
Qd2 c5 16. Rad1 Qc7 17. Nf5 c4 18. Ba2 Kh8 19. Bg5 d5 20. exd5 Nxd5 21. dxc4
bxc4 22. Re4 Nb6 23. Nd6 Bxe4 24. Nxe8 Qc6 25. Qxd8 Bxf3 26. gxf3 Qxf3 27. Rd6
Qxh3 28. Rxb6 h6 29. Rxg6 fxg6 30. Be7 Qg4+ 31. Kf1 Qh3+ 32. Kg1 Qg4+ 33. Kf1
Qh3+ 34. Kg1 Qg4+ 1/2-1/2

[Event "4NCL/Div1/GUI1 vs. WGR2"]
[Site "Birmingham ENG"]
[Date "2005.11.19"]
[Round "3.5"]
[White "Conquest, Stuart C"]
[Black "Rechel, Bernd"]
[Result "1-0"]
[WhiteElo "2514"]
[BlackElo "2416"]
[PlyCount "87"]
[EventDate "2005.11.19"]
[SourceDate "2005.10.25"]

1. d4 f5 2. g3 Nf6 3. Bg2 g6 4. Nh3 Bg7 5. Nf4 Nc6 6. h4 e5 7. dxe5 Nxe5 8. Nd2
d5 9. Nf3 Nxf3+ 10. Bxf3 c6 11. h5 g5 12. h6 Bf8 13. Bh5+ Nxh5 14. Nxh5 Bxh6
15. Qd4 Kf7 16. Bd2 Rg8 17. Bc3 Rg6 18. O-O-O Be6 19. Nf4 c5 20. Qe5 gxf4 21.
Rxh6 Rxh6 22. Qg7+ Ke8 23. Qxh6 Qe7 24. Bf6 Qf8 25. Bg7 Qf7 26. gxf4 Qg6 27.
Rh1 Qxh6 28. Rxh6 Bg8 29. Rf6 Kd7 30. Rxf5 Be6 31. Rh5 Rg8 32. Be5 Rg1+ 33. Kd2
Bg8 34. f5 d4 35. b3 a5 36. a4 Kc6 37. f6 Rg4 38. f4 Rg2 39. Ke1 b6 40. Kf1 Rg4
41. Kf2 Rg6 42. f5 Rg4 43. Bg3 Re4 44. Rxh7 1-0

[Event "4NCL/Div1/GUI1 vs. WGR2"]
[Site "Birmingham ENG"]
[Date "2005.11.19"]
[Round "3.6"]
[White "Pein, Malcolm"]
[Black "Plaskett, James"]
[Result "0-1"]
[WhiteElo "2403"]
[BlackElo "2485"]
[PlyCount "66"]
[EventDate "2005.11.19"]
[SourceDate "2005.10.25"]

1. d4 e6 2. e4 d5 3. Nc3 Bb4 4. e5 c5 5. a3 Bxc3+ 6. bxc3 Ne7 7. Bd3 Nbc6 8.
Nf3 Qa5 9. Bd2 Bd7 10. c4 Qc7 11. cxd5 exd5 12. O-O cxd4 13. Bb4 Nxb4 14. axb4
O-O 15. Re1 a5 16. b5 Qc3 17. Nxd4 Ng6 18. Nf5 Rfe8 19. Ne3 Nf4 20. Qf3 Qxe5
21. Bf1 Be6 22. g3 Nh3+ 23. Bxh3 Bxh3 24. g4 Qc3 25. Qxd5 Bxg4 26. Qxb7 Rac8
27. Qg2 Bf5 28. Red1 Be4 29. Qg3 Re6 30. Ra4 h5 31. b6 Rxb6 32. Rxe4 Rg6 33.
Ng4 Qxc2 0-1

[Event "4NCL/Div1/GUI1 vs. WGR2"]
[Site "Birmingham ENG"]
[Date "2005.11.19"]
[Round "3.7"]
[White "Cherniaev, Alexander"]
[Black "McDonald, Neil"]
[Result "1-0"]
[WhiteElo "2472"]
[BlackElo "2374"]
[PlyCount "73"]
[EventDate "2005.11.19"]
[SourceDate "2005.10.25"]

1. Nf3 d5 2. d4 Nf6 3. c4 e6 4. g3 Be7 5. Bg2 O-O 6. O-O dxc4 7. Qc2 a6 8. Qxc4
b5 9. Qc2 Bb7 10. Bd2 Nc6 11. e3 Nb4 12. Bxb4 Bxb4 13. a3 Bd6 14. Nbd2 Rc8 15.
b4 a5 16. e4 Nd7 17. Rfb1 axb4 18. axb4 Ra8 19. Ra5 Qe7 20. Rxb5 Ba6 21. Rh5 g6
22. Rh4 Bxb4 23. e5 c5 24. Ne4 cxd4 25. Qc1 Bd3 26. Nf6+ Nxf6 27. exf6 Qxf6 28.
Rxb4 Rfb8 29. Ne1 Bf5 30. Rhxd4 Rxb4 31. Rxb4 Ra1 32. Qe3 Qd8 33. Qe5 Rc1 34.
Bf1 f6 35. Rb8 fxe5 36. Rxd8+ Kg7 37. Ng2 1-0

[Event "4NCL/Div1/GUI1 vs. WGR2"]
[Site "Birmingham ENG"]
[Date "2005.11.19"]
[Round "3.8"]
[White "Arakhamia-Grant, Ketevan"]
[Black "Ciuksyte, Dagne"]
[Result "1-0"]
[WhiteElo "2426"]
[BlackElo "2370"]
[PlyCount "69"]
[EventDate "2005.11.19"]
[SourceDate "2005.10.25"]

1. e4 c5 2. Nf3 e6 3. d4 cxd4 4. Nxd4 a6 5. Bd3 Bc5 6. Nb3 Be7 7. Nc3 d6 8. f4
Nf6 9. Qe2 Qc7 10. Bd2 Nbd7 11. g4 h6 12. O-O-O b5 13. a3 Bb7 14. Rhf1 g6 15.
Rde1 Rc8 16. Kb1 Nb6 17. e5 dxe5 18. fxe5 Nfd5 19. Qf2 Rh7 20. h4 Nc4 21. Nxd5
Bxd5 22. h5 Nxd2+ 23. Qxd2 Bg5 24. Qf2 Bc4 25. hxg6 Bxd3 26. cxd3 Rg7 27. gxf7+
Rxf7 28. Qe2 Rf4 29. Rxf4 Bxf4 30. d4 Qh7+ 31. Ka2 Rc2 32. Qf3 Bg5 33. Qa8+ Bd8
34. Qxa6 Qd3 35. Qxe6+ 1-0